[Event "Wch U18 Girls"]
[Site "Montesilvano"]
[Date "2023.11.17"]
[Round "5"]
[White "Hernandez Ortega, Carolina"]
[Black "Ham Corona, Ana Paola"]
[Result "1-0"]
[WhiteElo "1796"]
[BlackElo "1318"]
[PlyCount "45"]
[EventDate "2023.11.13"]
[EventType "swiss"]
[EventRounds "11"]
[EventCountry "ITA"]
[SourceTitle "CB48_2023"]
[SourceDate "2023.11.29"]
[SourceVersion "1"]
[SourceVersionDate "2023.11.29"]
[SourceQuality "1"]

1. e4 c5 2. Nf3 g6 3. d4 cxd4 4. Qxd4 Nf6 5. e5 Nc6 6. Qa4 Nd5 7. Qe4 Nb6 8. Nc3 Bg7 9. Bf4 0-0 10. 0-0-0 Re8 11. h4 d5 12. exd6 Bf5 13. Qe3 Nb4 14. dxe7 Nxa2+ 15. Nxa2 Bxb2+ 16. Kxb2 Qxd1 17. Qd2 Nc4+ 18. Bxc4 Qxh1 19. Bxf7+ Kxf7 20. Ng5+ Kg8 21. Qd5+ Kg7 22. Qf7+ Kh6 23. Qxh7# 1-0

[Event "Wch U20 Girls 39th"]
[Site "Mexico City"]
[Date "2023.09.30"]
[Round "10"]
[White "Mogollon Tobar, Nicolle Juliet"]
[Black "Hernandez Ortega, Carolina"]
[Result "1-0"]
[WhiteElo "1943"]
[BlackElo "1729"]
[PlyCount "81"]
[EventDate "2023.09.21"]
[EventType "swiss"]
[EventRounds "11"]
[EventCountry "MEX"]
[SourceTitle "EXT 2024"]
[Source "ChessBase"]
[SourceDate "2023.10.10"]
[SourceVersion "1"]
[SourceVersionDate "2023.10.10"]
[SourceQuality "1"]

1. e4 e5 2. Nf3 Nc6 3. c3 Nf6 4. d4 exd4 5. e5 Nd5 6. cxd4 Bb4+ 7. Bd2 0-0 8. Bxb4 Ncxb4 9. Qb3 c6 10. a3 Na6 11. Bxa6 bxa6 12. Nbd2 a5 13. 0-0 Ba6 14. Rfe1 Rb8 15. Qc2 Qb6 16. Rab1 Qb5 17. Qf5 Qd3 18. Ne4 h6 19. Rbd1 Qb5 20. Nd6 Qxb2 21. Qxd7 Nc3 22. Rd2 Qb6 23. e6 fxe6 24. Qxe6+ Kh7 25. Nf7 Bc8 26. Qc4 Qb5 27. N7g5+ hxg5 28. Qxc3 Bf5 29. Nxg5+ Kg8 30. h4 Qd5 31. Re5 Rb1+ 32. Kh2 Qd7 33. Qc4+ Kh8 34. Rxa5 Bg6 35. Re5 Qg4 36. g3 Rd1 37. Qe2 Qxe2 38. Rexe2 Rxd2 39. Rxd2 Rd8 40. g4 Rd5 41. Rb2 1-0

[Event "Wch U20 Girls 39th"]
[Site "Mexico City"]
[Date "2023.09.28"]
[Round "8"]
[White "Tomasi, Elise"]
[Black "Hernandez Ortega, Carolina"]
[Result "1-0"]
[WhiteElo "2021"]
[BlackElo "1729"]
[PlyCount "77"]
[EventDate "2023.09.21"]
[EventType "swiss"]
[EventRounds "11"]
[EventCountry "MEX"]
[SourceTitle "EXT 2024"]
[Source "ChessBase"]
[SourceDate "2023.10.10"]
[SourceVersion "1"]
[SourceVersionDate "2023.10.10"]
[SourceQuality "1"]

1. d4 Nf6 2. Nf3 e6 3. g3 b6 4. Bg2 Bb7 5. 0-0 Be7 6. c4 0-0 7. d5 exd5 8. Nd4 c6 9. cxd5 Nxd5 10. e4 Nc7 11. Nc3 Bf6 12. f4 c5 13. Nf5 g6 14. Nh6+ Kh8 15. e5 Bxg2 16. Kxg2 Bg7 17. f5 Nc6 18. fxg6 Nxe5 19. Nxf7+ Nxf7 20. Qh5 Nh6 21. Bxh6 Bxh6 22. Qxh6 Qe7 23. gxh7 Qg7 24. Qd6 Ne6 25. Rad1 Rad8 26. Rxf8+ Qxf8 27. Qe5+ Qg7 28. Qd6 Qxh7 29. Qxe6 Qc2+ 30. Qe2 Qxe2+ 31. Nxe2 d5 32. b3 d4 33. Nf4 a5 34. a4 Re8 35. Kf2 Re3 36. Rd3 c4 37. Rxe3 dxe3+ 38. Kxe3 cxb3 39. Kd3 1-0

[Event "Wch U20 Girls 39th"]
[Site "Mexico City"]
[Date "2023.09.21"]
[Round "1"]
[White "Demchenko, Svitlana"]
[Black "Hernandez Ortega, Carolina"]
[Result "1-0"]
[WhiteElo "2169"]
[BlackElo "1729"]
[PlyCount "87"]
[EventDate "2023.09.21"]
[EventType "swiss"]
[EventRounds "11"]
[EventCountry "MEX"]
[SourceTitle "EXT 2024"]
[Source "ChessBase"]
[SourceDate "2023.10.10"]
[SourceVersion "1"]
[SourceVersionDate "2023.10.10"]
[SourceQuality "1"]

1. d4 Nf6 2. Nf3 e6 3. Bf4 b6 4. e3 Bb7 5. Bd3 Be7 6. h3 d6 7. Nbd2 Nbd7 8. Qe2 c5 9. c3 0-0 10. e4 Qc7 11. Bh2 cxd4 12. cxd4 Rfe8 13. 0-0 Rac8 14. e5 dxe5 15. dxe5 Nd5 16. a3 Nc5 17. Rac1 Qd7 18. Bb5 Bc6 19. Bxc6 Rxc6 20. Nc4 Nb3 21. Rcd1 Rec8 22. Ne3 Rc5 23. Qd3 Qa4 24. Nxd5 Rxd5 25. Qe2 Rcd8 26. Bg3 Rxd1 27. Rxd1 Rxd1+ 28. Qxd1 Nc5 29. Qc1 Qd7 30. b4 Ne4 31. Bf4 a5 32. Qc2 Qb7 33. Nd4 h6 34. Nc6 Ng5 35. bxa5 Bxa3 36. Nd8 Qb8 37. axb6 Qxb6 38. Qc8 Bf8 39. Be3 Qb1+ 40. Kh2 Qb2 41. Qc7 Qa3 42. Bxg5 hxg5 43. Qxf7+ Kh7 44. Nxe6 1-0

[Event "Las Americas Team op U2400 Hybrid"]
[Site "Internet"]
[Date "2022.05.14"]
[Round "4.4"]
[White "Hernandez Ortega, Carolina"]
[Black "La Touche, Cyprian"]
[Result "1/2-1/2"]
[WhiteElo "1572"]
[BlackElo "1460"]
[PlyCount "124"]
[EventDate "2022.05.14"]
[EventType "team-swiss"]
[EventRounds "5"]
[EventCountry "VEN"]
[SourceTitle "EXT 2023"]
[Source "ChessBase"]
[SourceDate "2022.10.05"]
[SourceVersion "1"]
[SourceVersionDate "2022.10.05"]
[SourceQuality "1"]

1. e4 c5 2. Nf3 Nc6 3. d4 cxd4 4. Nxd4 e5 5. Nb5 a6 6. Nd6+ Bxd6 7. Qxd6 Qe7 8. Qd1 b5 9. Nc3 Nf6 10. Bg5 Qb4 11. Bxf6 gxf6 12. Rb1 Ne7 13. a3 Qc5 14. Qd3 Bb7 15. Be2 Rc8 16. Rd1 Rc7 17. Bg4 Bc8 18. 0-0 h5 19. Bf5 Rg8 20. Qd6 Qxd6 21. Rxd6 Nxf5 22. exf5 Rc6 23. Ne4 Ke7 24. Rfd1 Rg4 25. Rxc6 dxc6 26. Nd6 Bd7 27. c3 Rg5 28. h4 Rg7 29. f3 c5 30. Nb7 Bxf5 31. Nxc5 Bc8 32. Kf2 Rg8 33. Ne4 f5 34. Nd6 Rd8 35. Nxc8+ Rxc8 36. g3 Ke6 37. Ke2 a5 38. Rc1 Kd5 39. b3 e4 40. Rd1+ Ke6 41. fxe4 fxe4 42. Rc1 f5 43. Rc2 Ke5 44. Ke3 Rg8 45. Rg2 Rd8 46. Rd2 Rxd2 47. Kxd2 f4 48. gxf4+ Kxf4 49. c4 bxc4 50. bxc4 e3+ 51. Ke2 Ke4 52. c5 Kd5 53. Kxe3 Kxc5 54. Kf4 Kc4 55. Kg5 Kb3 56. Kxh5 Kxa3 57. Kg6 a4 58. h5 Kb2 59. h6 a3 60. h7 a2 61. h8Q+ Kb1 62. Qb8+ Kc2 1/2-1/2

[Event "Las Americas Team op U2400 Hybrid"]
[Site "Internet"]
[Date "2022.05.14"]
[Round "2.4"]
[White "Rodriguez, Fabian"]
[Black "Hernandez Ortega, Carolina"]
[Result "0-1"]
[WhiteElo "1496"]
[BlackElo "1572"]
[PlyCount "96"]
[EventDate "2022.05.14"]
[EventType "team-swiss"]
[EventRounds "5"]
[EventCountry "VEN"]
[SourceTitle "EXT 2023"]
[Source "ChessBase"]
[SourceDate "2022.10.05"]
[SourceVersion "1"]
[SourceVersionDate "2022.10.05"]
[SourceQuality "1"]

1. e4 e5 2. Nf3 Nc6 3. Bc4 Nf6 4. Ng5 d5 5. exd5 Na5 6. Bb5+ c6 7. dxc6 bxc6 8. Be2 Bd6 9. d3 0-0 10. Nc3 Nb7 11. 0-0 Nc5 12. Be3 Re8 13. Bf3 Qc7 14. Re1 h6 15. Nge4 Nfxe4 16. Nxe4 Nxe4 17. dxe4 Rb8 18. b3 Bb4 19. Rf1 Bc3 20. Bg4 Ba6 21. Qf3 Bxa1 22. Rxa1 Bc8 23. Bh5 Be6 24. Qg3 Kh7 25. f4 exf4 26. Bxf4 Qb6+ 27. Be3 Qa5 28. Rf1 Qxh5 29. Bd4 Qg6 30. Qc3 Rbd8 31. Rf3 Qxe4 32. Bxg7 Rd1+ 33. Kf2 Qe1+ 34. Qxe1 Rxe1 35. Kxe1 Bd5+ 36. Kd2 Bxf3 37. Bxh6 Re2+ 38. Kd3 Kxh6 39. gxf3 Rxh2 40. a4 Rf2 41. b4 Rxf3+ 42. Kd4 Rf5 43. c4 Rg5 44. b5 cxb5 45. axb5 Kg6 46. c5 Kf6 47. c6 Ke6 48. c7 Kd7 0-1